000 01455nam0a2200313 i 4500
001 RU\NLR\BIBL_A\011140408
005 20241103123414.0
010 _a9785911163433
_960
021 _aRU
_b2016-38368
_92469
035 _a(NILC)RuMoRGB-008482151
035 _a(NLR Aleph) 011140408
090 _a11615087
_c11615087
100 _a20160527d2015 um y0rusy50 ca
101 0 _arus
102 _aRU
105 _aa|||z||||01yy
200 1 _aПсихология отклоняющегося поведения
_eучебно-методическое пособие
_fД. Я. Грибанова
_gМ-во образования и науки Российской Федерации, Псковский гос. ун-т
210 _aПсков
_cПсковский государственный университет
_d2015
215 _a176 с.
_cил.
_d21
320 _aБиблиогр.: с. 44-47 (69 назв.) и в конце занятий
606 _aОтклоняющееся поведение
_jУчебные издания для высших учебных заведений
_xПсихологические исследования
_91815540
_3RU\NLR\AUTH\66819498
675 _a159.9
686 1 _aЮ936.2-81я73
700 1 _aГрибанова
_bД. Я.
_gДиана Ярославовна
801 0 _aRU
_bРГБ
_c20160511
_gRCR
942 _cBOOK
980 _aNBR